| 000 | 00937cam a22002895a 4500 | ||
|---|---|---|---|
| 001 | 15206277 | ||
| 005 | 20160228144642.0 | ||
| 008 | 080305t2008 nyua frbdf 001 0 eng d | ||
| 020 | _a9781418073244 | ||
| 020 | _a1418073245 | ||
| 040 |
_aDLC _cDLC _dDLC _dEG-ScBUE _beng |
||
| 082 | 0 | 4 |
_a628.925 _222 _bFIR |
| 245 | 0 | 0 |
_aFirefighter's handbook : _bessentials of firefighting. |
| 246 | 3 | 0 | _aEssentials of firefighting |
| 250 | _a3rd ed. | ||
| 260 |
_aClifton Park : _bDelmar / Cengage Learning, _cc.2008. |
||
| 300 |
_alvii, 930 p. : _bill. (col.) ; _c28 cm. |
||
| 500 | _aGlossary : p. 894-908. | ||
| 500 | _aIndex : p. 915-930. | ||
| 500 | _aReflects revisions to the 2008 edition of NFPA standard 1001. | ||
| 504 | _aIncludes bibliographical references. | ||
| 650 | 0 |
_aFire extinction _vHandbooks, manuals, etc. _2BUEsh |
|
| 651 | _2BUEsh | ||
| 653 |
_bENGGEN _cFebruary2016 |
||
| 710 | 2 | _aDelmar Publishers. | |
| 942 | _2ddc | ||
| 999 |
_c21270 _d21242 |
||